00443 a2200157 4500010001400000020002300014035001300037037001500050082000600065100002400071245004500095260003600140270004500176300002400221490004000245 aENG-90208 a8181575989c200.00 aEN-73741 bDBAD / PUB14aS1 aDash, Naren Chandra1 aSnippets of life/cby Naren Chandra Dash aKolkatabWriters Workshopc2006 a162/92, Lake Gardens,bKolkattae700 045 a124p.c22 cm ( Hb.) aA Writers Workshop saffronbird book